| 000 | 00839cam a2200217 a 4500 | ||
|---|---|---|---|
| 001 | 2579764 | ||
| 005 | 20250328133735.0 | ||
| 008 | 960531s1997 mnua b 001 0 eng | ||
| 020 | _a0314210970 (alk. paper) | ||
| 050 | 0 | 0 |
_aHD30.25 _b.A53 1997 |
| 082 | 0 | 0 |
_a658 _220 |
| 100 | 1 |
_aAnderson, David R. _q(David Ray), _d1941- |
|
| 245 | 1 | 3 |
_aAn introduction to management science : _bquantitative approaches to decision making / _cDavid R. Anderson, Dennis J. Sweeney, Thomas A. Williams. |
| 250 |
_a8th ed./ _bAnnotated instructor's ed., with computer case solutions. |
||
| 260 |
_aMinneapolis/St. Paul : _bWest Pub. Co., _cc1997. |
||
| 300 |
_a1 v. (various pagings) : _bcol. ill. ; _c27 cm. |
||
| 650 | 0 | _aManagement science. | |
| 700 | 1 | _aSweeney, Dennis J. | |
| 700 | 1 |
_aWilliams, Thomas A. _q(Thomas Arthur), _d1944- |
|
| 942 |
_2lcc _cBK _n0 |
||
| 999 |
_c5305 _d5305 |
||